000 00593nam a2200205Ia 4500
003 IN-BaIIA
008 211028s9999 xx 000 0 eng d
020 _a90-277-1280-8
040 _cIIA Library
080 _a082.2:52
_bIAU-S95
100 _aSieber, W.
_911855
245 0 _aPulsars
_cW. Sieber
260 _aDordrecht
_bD. Reidel Publishing
_c1981
300 _axv, 475p.
650 _aAstronomy and Astrophysics thesaurus
650 _aNeutron stars
_97729
650 _aPulsars
_97214
650 _aRadio sources
_93666
942 _cBK
999 _c6919
_d6919